000
00343nam a2200145Ia 4500
008
220216s9999 xx 000 0 und d
100
_a
Satheesh S K
245
0
_a
Atmospheric chemistry and climate
260
_b
Current Science
_c
2012
300
_a
426-39
650
_a
Aerosols
650
_a
Atmosphere
650
_a
Climate
942
_c
JS
999
_c
54581
_d
54581